000 00651nam a2200241Ia 4500
003 OSt
005 20220918191900.0
006 a|||||r|||| 00| 0
007 ta
008 220917b |||||||| |||| 00| 0 eng d
024 _a65,611
037 _cTextual
040 _aARTS
_cARTS
_beng
041 _2eng
_aeng
082 _aR3v1:N5, J0;L0
100 _aDatta Dhirendra Mohan
_977500
245 0 _aChief currents of contemporary philosophy
250 _a3rd
260 _aCalcutta
_bUniv of Calcutta
_c1970
300 _a589p.
_ccm.
942 _hR3v1:N5, J0;L0
_cTEXL
_2CC
999 _c191854
_d191854